Pays les plus éloignés de Montréal - Statistiques

Statistiques générales
  • Ce quiz a été pris 16 449 fois
  • Le résultat moyen est 11 sur 20
Statistiques - réponses
Distance (km) Pays % Correct
14 750 Australie
92%
13 993 Indonésie
74%
13 323 Sri Lanka
66%
14 787 Singapour
62%
12 654 Thaïlande
62%
14 037 Malaisie
59%
13 054 Seychelles
59%
13 322 Cambodge
55%
13 167 Papouasie-Nouvelle-Guinée
55%
14 329 Brunei
54%
14 747 Île Maurice
53%
13 307 Vanuatu
53%
12 994 Comores
52%
15 428 Timor Oriental
52%
13 283 Maldives
51%
12 981 Îles Salomon
50%
13 421 Palaos
50%
13 458 Madagascar
49%
13 088 Lesotho
47%
13 141 Eswatini
44%
Aucun quiz correspondant
Distribution des résultats
% des personnes avec chaque résultat
Percentile par nombre de réponses
Votre historique - résultats
Vous n’avez pas pris ce quiz